U.S. Presidents to Picture - Sudden Death - Statistics

General Stats
  • This quiz has been taken 1,288 times
  • The average score is 10 of 25
Answers on the Grid
Answers color-coded by a green-red scale on the quiz's grid according to % correct below.
Thomas Jefferson
George Washington
Barack Obama
Bill Clinton
John F. Kennedy
Joe Biden
John Adams
Jimmy Carter
George W. Bush
Andrew Jackson
James Madison
Abraham Lincoln
Donald Trump
Harry Truman
Woodrow Wilson
George H.W. Bush
James Garfield
Ulysses S. Grant
Franklin D. Roosevelt
Lyndon B. Johnson
Theodore Roosevelt
Dwight D. Eisenhower
Ronald Reagan
Richard Nixon
William McKinley
Gerald R. Ford
John Quincy Adams
Chester A. Arthur
Grover Cleveland
Franklin Pierce
James K. Polk
Martin Van Buren
James Monroe
William Taft
Benjamin Harrison
Rutherford B. Hayes
Herbert Hoover
Warren Harding
Andrew Johnson
Calvin Coolidge
James Buchanan
Zachary Taylor
Millard Fillmore
John Tyler
William Henry Harrison
 
Answer Stats
Answer % Correct
Donald Trump
Donald Trump
64%
Barack Obama
Barack Obama
63%
Joe Biden
Joe Biden
61%
Abraham Lincoln
Abraham Lincoln
60%
Dwight D. Eisenhower
Dwight D. Eisenhower
53%
George H.W. Bush
George H.W. Bush
51%
Theodore Roosevelt
Theodore Roosevelt
51%
Gerald R. Ford
Gerald R. Ford
50%
Thomas Jefferson
Thomas Jefferson
46%
Andrew Jackson
Andrew Jackson
45%
Martin Van Buren
Martin Van Buren
41%
William Taft
William Taft
36%
Calvin Coolidge
Calvin Coolidge
35%
John Quincy Adam
John Quincy Adams
32%
Andrew Johnson
Andrew Johnson
32%
Grover Cleveland
Grover Cleveland
31%
John Adams
John Adams
30%
William McKinley
William McKinley
29%
James Buchanan
James Buchanan
29%
Chester A. Arthur
Chester A. Arthur
26%
William Henry Harrison
William Henry Harrison
26%
James Monroe
James Monroe
26%
Benjamin Harrison
Benjamin Harrison
26%
John Tyler
John Tyler
25%
Rutherford B. Hayes
Rutherford B. Hayes
24%
No matching quizzes found
Score Distribution
Percent of People with Each Score
Percentile by Number Answered
Your Score History
You have not taken this quiz